Normal view
MARC view
- BAYSINGER, GERALD B
Entry Personal Name
001 - CONTROL NUMBER
- control field: 58573
003 - CONTROL NUMBER IDENTIFIER
- control field: NUST
005 - DATE AND TIME OF LATEST TRANSACTION
- control field: 20210628202153.0
008 - FIXED-LENGTH DATA ELEMENTS
- fixed length control field: 210628|| aca||aabn | a|a d
040 ## - CATALOGING SOURCE
- Original cataloging agency: NUST
- Transcribing agency: NUST
100 ## - HEADING--PERSONAL NAME
- Personal name: BAYSINGER, GERALD B
670 ## - SOURCE DATA FOUND
- Source citation: Work cat.: (NUST): BAYSINGER, GERALD B, THE STUDENTS PLANNING BOOK INDUSTRIAL ARTS AND VOCATIONAL CLASSES, 1951
